Statistics for ALL Minecraft Blocks and their Variants pt 1: Wood

Click here to take the quiz!

General Stats

  • This quiz has been taken 23 times
    (20 since last reset)
  • The average score is 82 of 121

Answer Stats

Block% Correct
Oak Door
93%
Oak Fence
93%
Oak Fence Gate
93%
Oak Planks
93%
Oak Slab
93%
Oak Trapdoor
93%
Spruce Planks
93%
Dark Oak Door
86%
Dark Oak Planks
86%
Dark Oak Slab
86%
Dark Oak Trapdoor
86%
Oak Wood
86%
Spruce Door
86%
Spruce Fence
86%
Spruce Fence Gate
86%
Spruce Slab
86%
Spruce Trapdoor
86%
Spruce Wood
86%
Birch Fence
79%
Birch Fence Gate
79%
Birch Planks
79%
Birch Slab
79%
Birch Trapdoor
79%
Dark Oak Fence
79%
Dark Oak Fence Gate
79%
Dark Oak Wood
79%
Jungle Door
79%
Jungle Fence
79%
Jungle Fence Gate
79%
Jungle Planks
79%
Jungle Slab
79%
Jungle Trapdoor
79%
Oak Log
79%
Spruce Log
79%
Acacia Door
71%
Acacia Planks
71%
Acacia Slab
71%
Acacia Trapdoor
71%
Birch Log
71%
Birch Wood
71%
Crimson Planks
71%
Crimson Stem
71%
Dark Oak Log
71%
Jungle Log
71%
Oak Stairs
71%
Stripped Spruce Log
71%
Warped Door
71%
Warped Fence
71%
Warped Fence Gate
71%
Warped Hyphae
71%
Warped Planks
71%
Warped Slab
71%
Warped Stem
71%
Warped Trapdoor
71%
Acacia Fence
64%
Acacia Fence Gate
64%
Acacia Log
64%
Acacia Pressure Plate
64%
Acacia Wood
64%
Birch Button
64%
Birch Pressure Plate
64%
Crimson Button
64%
Crimson Door
64%
Crimson Fence
64%
Crimson Fence Gate
64%
Crimson Hyphae
64%
Crimson Slab
64%
Crimson Trapdoor
64%
Dark Oak Button
64%
Dark Oak Pressure Plate
64%
Dark Oak Stairs
64%
Jungle Button
64%
Jungle Pressure Plate
64%
Jungle Wood
64%
Oak Button
64%
Oak Pressure Plate
64%
Spruce Button
64%
Spruce Pressure Plate
64%
Spruce Stairs
64%
Stripped Birch Log
64%
Stripped Crimson Hyphae
64%
Stripped Dark Oak Log
64%
Stripped Jungle Log
64%
Stripped Oak Log
64%
Stripped Warped Hyphae
64%
Warped Button
64%
Acacia Button
57%
Acacia Stairs
57%
Birch Sign
57%
Birch Stairs
57%
Chest
57%
Crafting Table
57%
Crimson Sign
57%
Crimson Stairs
57%
Dark Oak Sign
57%
Jungle Sign
57%
Jungle Stairs
57%
Oak Sign
57%
Spruce Sign
57%
Stripped Acacia Log
57%
Stripped Birch Wood
57%
Stripped Crimson Stem
57%
Stripped Dark Oak Wood
57%
Stripped Jungle Wood
57%
Stripped Oak Wood
57%
Stripped Spruce Wood
57%
Stripped Warped Stem
57%
Warped Sign
57%
Warped Stairs
57%
Acacia Sign
50%
Crimson Pressure Plate
50%
Stripped Acacia Wood
50%
Warped Pressure Plate
50%
Barrel
43%
Fletching Table
43%
Lectern
43%
Smithing Table
43%
Cartography Table
36%
Composter
36%
Loom
36%
Torch
36%

Score Distribution

Percentile by Number Answered

Percent of People with Each Score

Your Score History

You have not taken this quiz since the last reset